Генеральный план электрификации СССР: материалы всесоюзной конференции, Москва, 7-14 мая 1932 г.; Т. 10, 11

Bibliografiske detaljer
Corporate Authors: СССР Государственная плановая комиссия (Госплан СССР), Генеральный план электрификации СССР конференция
Andre forfattere: Ломов Г. И. (редактор)
Sprog:russisk
Udgivet: Москва, Госсоцэкономиздат, 1933
Fag:
Format: MixedMaterials Bog
KOHA link:https://koha.lib.tpu.ru/cgi-bin/koha/opac-detail.pl?biblionumber=193165

MARC

LEADER 00000nam0a2200000 4500
001 193165
005 20231031181729.0
035 |a (RuTPU)RU\TPU\book\210674 
090 |a 193165 
100 |a 20110318d1933 k y0rusy50 ca 
101 0 |a rus 
102 |a RU 
105 |a a z 100zy 
200 1 |a Генеральный план электрификации СССР  |e материалы всесоюзной конференции, Москва, 7-14 мая 1932 г.  |f Госплан СССР; под ред. Г. И. Ломова  |h Т. 10, 11 
210 |a Москва  |a Ленинград  |c Госсоцэкономиздат  |d 1933 
215 |a 411 с.  |c ил. 
610 1 |a электрификация 
610 1 |a СССР 
610 1 |a генеральный план 
610 1 |a фотоэлементы 
610 1 |a применение 
610 1 |a диспетчерское управление 
610 1 |a промышленные производства 
610 1 |a приводы 
610 1 |a автоматизация 
610 1 |a каменноугольная промышленность 
610 1 |a электрическая энергия 
610 1 |a потребность 
610 1 |a определение 
610 1 |a электроэнергетические системы 
610 1 |a мощность 
610 1 |a металлургическая промышленность 
610 1 |a электричество 
610 1 |a электротермия 
610 1 |a электрические печи 
610 1 |a деревообрабатывающая промышленность 
610 1 |a деревообрабатывающие станки 
610 1 |a текстильная промышленность 
610 1 |a сахарная промышленность 
610 1 |a энергетическое перевооружение 
610 1 |a тепловые электрические станции 
610 1 |a электрическая часть 
610 1 |a электрические машины постоянного тока 
610 1 |a теплотехника 
610 1 |a конференции 
686 |a У9(2)0-551.2л0  |v LBC/SL-A  |2 rubbk 
702 1 |a Ломов  |b Г. И.  |4 340 
712 0 1 |a СССР  |b Государственная плановая комиссия (Госплан СССР)  |c (1923-1948)  |2 stltpush  |3 (RuTPU)RU\TPU\col\17216 
712 1 2 |a Генеральный план электрификации СССР  |b конференция  |e Москва  |f 1932 
801 1 |a RU  |b 63413507  |c 20110318 
801 2 |a RU  |b 63413507  |c 20110926  |g RCR 
942 |c BK